| 000 | 00631nam a22001817a 4500 | ||
|---|---|---|---|
| 999 |
_c18020 _d18020 |
||
| 003 | AR-CdUCM | ||
| 008 | 190511b ||||| |||| 00| 0 spa d | ||
| 040 |
_aMUNICIPALIDAD PROVINCIAL DEL CUSCO _cBIBLIOTECA MUNICIPAL DEL CUSCO |
||
| 082 |
_a895.401 / _bT14 |
||
| 100 |
_aTagor, Rabindranaz _938349 |
||
| 245 | _aVerso y prosa para niños / | ||
| 260 |
_aMéxico : _bOrion, _c1960. |
||
| 300 |
_a335 páginas ; _c18 cm. |
||
| 440 |
_aAntologías, cuentos y leyendas _938350 |
||
| 505 | _aContenido: Lírica breve -- De la luna nueva -- De el jardinero -- De ofrenda lírica... | ||
| 942 |
_2ddc _cLIBROS |
||
| 945 |
_adavv _d2019-05-11 |
||